Luật bảo vệ môi trường

Giới thiệu toàn văn Luật bảo vệ môi trường với những qui định chung và qui định cụ thể về tiêu chuẩn môi trường quy định về hoạt động bảo vệ môi trường; chính sách, biện pháp và nguồn lực để bảo vệ môi trường; quyền và nghĩa vụ c...

Full description

Saved in:
Bibliographic Details
Format: Book
Language:Vietnamese
Published: H. Chính trị Quốc gia sự thật 2021
Subjects:
Tags: Add Tag
No Tags, Be the first to tag this record!
Institutions: Thư viện Trường Đại học Nam Cần Thơ
LEADER 01142nam a22001817a 4500
001 NCT_144651
008 230311b xxu||||| |||| 00| 0 vie d
999 |c 7447  |d 7447 
020 |c 54000  |a 9786045764138 
082 0 4 |2 23rd ed.  |a 344.597046  |b L504B 
245 0 0 |a Luật bảo vệ môi trường  
260 |a H.  |b Chính trị Quốc gia sự thật  |c 2021 
300 |a 300 tr.  |c 19cm 
520 3 |a Giới thiệu toàn văn Luật bảo vệ môi trường với những qui định chung và qui định cụ thể về tiêu chuẩn môi trường quy định về hoạt động bảo vệ môi trường; chính sách, biện pháp và nguồn lực để bảo vệ môi trường; quyền và nghĩa vụ của tổ chức, hộ gia đình, cá nhân trong bảo vệ môi trường. 
653 |a Luật học 
942 |2 ddc  |c BK 
952 |0 0  |1 0  |2 ddc  |4 0  |6 344_597046000000000_L504B  |7 0  |9 26814  |a 000001  |b 000001  |d 2023-03-11  |o 344.597046 L504B  |p MD.21088  |r 2023-03-11  |v 54000.00  |w 2023-03-11  |y BK 
980 |a Thư viện Trường Đại học Nam Cần Thơ